Music Quiz

Random Music or Song Quiz

MTV'S VMA Winners (Slideshow) Quiz Stats

Quiz not verified by Sporcle

Also try: 'Now' Song Titles
Challenge
Share
Tweet
Score 0/30 Timer 07:00
0 Plays Today
% Correct
Firework
79.8%
Single Ladies (Put A Ring On It)
76.4%
Lady Marmalade
74.7%
The Real Slim Shady
74.2%
Boulevard of Broken Dreams
65.7%
Nothing Compares 2 U
63.5%
Losing My Religion
60.1%
Money for Nothing
59.2%
Hey Ya
57.1%
Bad Romance
57.1%
Virtual Insanity
54.9%
Ray of Light
54.5%
Need You Tonight
51.9%
Waterfalls
51.9%
Without Me
45.1%
% Correct
Work It
44.6%
Umbrella
44.2%
Cryin'
43.8%
Sledgehammer
43.3%
Tonight, Tonight
43.3%
Mirrors
43.3%
Right Now
40.8%
You Might Think
36.1%
Jeremy
36.1%
Doo Wop (That Thing)
34.3%
I Write Sins Not Tragedies
33%
Boys of Summer
32.6%
Piece of Me
29.2%
We Found Love
28.3%
This Note's For You
15.5%

You're not logged in!

Compare scores with friends on all Sporcle quizzes.
Sign Up with Email
OR
Log In

You Might Also Like...

Show Comments

Extras

Top Quizzes Today


Score Distribution

Your Account Isn't Verified!

In order to create a playlist on Sporcle, you need to verify the email address you used during registration. Go to your Sporcle Settings to finish the process.